Interkulturelle Kommunikation bei der Zusammenarbeit in internationalen Kollektiven bakalárska práca
Salvato in:
| Autore principale: | |
|---|---|
| Ente Autore: | |
| Altri autori: | |
| Natura: | Libro |
| Lingua: | tedesco |
| Pubblicazione: |
Bratislava
2025
|
| Tags: |
Nessun Tag, puoi essere il primo ad aggiungerne!!
|
MARC
| LEADER | 00000nbm a2200000 4500 | ||
|---|---|---|---|
| 001 | 0308936 | ||
| 005 | 20260211111538.7 | ||
| 041 | 0 | |a ger | |
| 044 | |a SK | ||
| 245 | 1 | 0 | |a Interkulturelle Kommunikation bei der Zusammenarbeit in internationalen Kollektiven |b bakalárska práca |c Martin Otáhal ; školiteľ: Jana Kucharová |
| 264 | 1 | |a Bratislava |c 2025 | |
| 300 | |a 61 s. | ||
| 100 | 1 | |a Otáhal, Martin | |
| 700 | 1 | |a Kucharová, Jana, 1981- | |
| 710 | 2 | |a Fakulta aplikovaných jazykov EU v Bratislave. Katedra interkultúrnej komunikácie | |